| 000 | 01993nam a2200217Ia 4500 | ||
|---|---|---|---|
| 008 | 220216s9999 xx 000 0 und d | ||
| 100 | _aSaha Thakurdas | ||
| 245 | 0 | _aIdentification of Colletotrichum acutatum from rubber using random amplified polymorphic DNAs and ribosomal DNA polymorphisms | |
| 260 |
_bMycological Research _c2002 |
||
| 300 | _a215-221 | ||
| 520 | _aThe fungal pathogen responsible for Colletotrichum leaf disease of Hevea, develops three different disease symptoms: raised spots, anthracnose and papery lesions. These diseases have been attributed to Colletotrichum gloeosporioides (teleomorph Glomerella cingulata) and the fungi involved are morphologically indistinguishable. Twenty-five Colletotrichum isolates, which originated from three different disease symptoms, were characterized initially using RAPD markers. Two major RAPD profiles were detected which were related to the type of disease symptom developed. Colletotrichum isolates causing raised spot symptom were easily distinguished from isolates originating from either anthracnose or papery lesions. Restriction analysis of the PCR amplified 5.8S ribosomal DNA (rDNA), including both the flanking internal transcribed spacers (ITS) of representative isolates from the three different disease symptoms, also revealed two distinct RFLP patterns reflecting the same groupings as detected through RAPDs. Both molecular approaches suggested that there were two species of Colletotrichum associated with Hevea inciting the development of three different symptoms: Colletotrichum acutatum causing raised spot symptom, and C. gloeosporioides causing both anthracnose and papery lesions. This is the first record of Colletotrichum acutatum on Hevea in India. | ||
| 650 | _aColletotrichum acutatum | ||
| 650 | _aDNA polymorphism | ||
| 700 | _aArun Kumar | ||
| 700 | _aBindu Roy | ||
| 700 | _aJacob Kuruvilla | ||
| 700 | _aMinimol Ravindran | ||
| 700 | _aNazeer M A | ||
| 856 | _uReprint | ||
| 942 | _cJS | ||
| 999 |
_c60621 _d60621 |
||